| 000 | 00821nam#a22003135a#4500 | ||
|---|---|---|---|
| 001 | 747 | ||
| 245 | 1 | 0 |
_aLengua y Literatura 2 : _bLenguaje en acción / _cGustavo Bombini. |
| 250 | _a1ª ed. | ||
| 260 |
_aBuenos Aires : _bLongseller, _c2002. |
||
| 300 |
_a96 p. : _bil. ; _c28 cm. |
||
| 490 | 0 | _aLibros temáticos | |
| 100 | 1 | _aBombini, Gustavo. | |
| 080 | _a80 | ||
| 084 | _aB82 | ||
| 653 | _aFunciones del lenguaje | ||
| 653 | _aComunicación | ||
| 653 | _aCompetencias lengüísticas | ||
| 653 | _aVerbos | ||
| 653 | _aEnunciados performativos | ||
| 653 | _aEnunciación | ||
| 653 | _aEntrevista | ||
| 653 | _aChisme | ||
| 653 | _aOralidad en los medios | ||
| 040 |
_aAR-ClEAG _cAR-ClEAG |
||
| 008 | 080910s2002####ag#a#####f####001#0#spa#d | ||
| 005 | 20241107184645.0 | ||
| 003 | AR-ClEAG | ||
| 942 | _cBK | ||
| 999 |
_c747 _d747 |
||
| 980 |
_62 _aEvangelina Gallicchio _82 _gEvangelina Gallicchio |
||